Límites constitucionales al ius contrahendi internacional del estado cubano /

El presente artículo realiza un estudio de los condicionamientos formales y materiales que impone la Constitución cubana respecto a la celebración de tratados internacionales. Con este propósito se examinan los límites establecidos para la conclusión de todo tipo de acuerdos por parte del Estado cub...

Mô tả đầy đủ

Đã lưu trong:
Chi tiết về thư mục
Tác giả chính: Moré Caballero, Yoel
Định dạng: Texto
Những chủ đề:
Các nhãn: Thêm thẻ
Không có thẻ, Là người đầu tiên thẻ bản ghi này!

MARC

LEADER 00000 a a2200000 04500
001 14551
003
040
100 |a Moré Caballero, Yoel  
245 |a Límites constitucionales al ius contrahendi internacional del estado cubano /  |c Yoel Moré Caballero 
520 |a El presente artículo realiza un estudio de los condicionamientos formales y materiales que impone la Constitución cubana respecto a la celebración de tratados internacionales. Con este propósito se examinan los límites establecidos para la conclusión de todo tipo de acuerdos por parte del Estado cubano valorando las causas de la existencia y aplicación de tales condicionamientos, así como los efectos que generan y su relativa correspondencia con los principios internacionalmente reconocidos por el Derecho de Tratados.  
590 |a SJB/MAYO2011  
650 |a CONSTITUCIONES  
650 |a ACUERDOS INTERNACIONALES  
650 |a ESTADO  
650 |a ASPECTOS JURIDICOS  
650 |a ASPECOS SOCIALES  
650 |a ASPECTOS POLITICOS  
650 |a CUBA  
773 |g número 113 -114 (III -IV; páginas 105-112)  
999 |c 40131  |d 40131 
773 0 |0 18728  |9 3029  |a Universidad de Costa Rica  |d San José, Costa Rica Editorial UCR 1956-  |o 05883  |t Revista de Ciencias Sociales/  |x 04825276